[Event "ICS Rated blitz match"]
[Site "204.178.125.65"]
[Date "2000.03.19"]
[Round "?"]
[White "Hossa"]
[Black "RedBear"]
[Result "1-0"]
[WhiteElo "2500"]
[BlackElo "2563"]
[PlyCount "163"]

1. e4 e5 2. Nf3 Nc6 3. Bb5 a6 4. Ba4 Nf6 5. O-O Be7 6. Re1 b5 7. Bb3 d6 8. c3
O-O 9. h3 Bb7 10. d4 Re8 11. Nbd2 Bf8 12. a4 h6 13. Bc2 exd4 14. cxd4 Nb4 15.
Bb1 c5 16. d5 Nd7 17. Ra3 f5 18. exf5 Nf6 19. Ne4 Bxd5 20. Nxf6+ Qxf6 21. Rae3
Bf7 22. Nh2 Rxe3 23. Rxe3 d5 24. Ng4 Qd4 25. Qf1 Qc4 26. Qd1 Qd4 27. Qf1 Bh5
28. Rg3 Bd6 29. Nxh6+ Kh8 30. Rg5 Be8 31. Ng4 Bc7 32. Qe2 Qc4 33. Qxc4 bxc4 34.
f6 gxf6 35. Nxf6 Bf7 36. Nd7 Re8 37. Kf1 Re7 38. Bf5 d4 39. g3 Na2 40. Bf4 Bxf4
41. gxf4 Nc1 42. Nxc5 Re2 43. Nd7 Rd2 44. Ne5 Rd1+ 45. Kg2 Bd5+ 46. f3 Rd2+ 47.
Kf1 Rxb2 48. Ng6+ Kg7 49. Ne7+ Kf8 50. Nxd5 Nb3 51. Rg6 Nd2+ 52. Kg2 Ne4+ 53.
Kh1 Rb1+ 54. Kh2 Rb2+ 55. Rg2 Nd2 56. Kh1 c3 57. Rf2 c2 58. Bxc2 Rxc2 59. Kg2
a5 60. Nf6 Rb2 61. f5 Nc4 62. Nd7+ Ke7 63. Rxb2 Nxb2 64. Nc5 Kf6 65. f4 Kxf5
66. Kf3 Nc4 67. Nb3 d3 68. Nd4+ Kf6 69. Nc6 Kf5 70. h4 d2 71. Nd4+ Kg6 72. Ke2
Kh5 73. f5 Kg4 74. f6 Ne5 75. Kd1 Nd7 76. f7 Kh5 77. Ne6 Kg6 78. f8=N+ Nxf8 79.
Nxf8+ Kh5 80. Nd7 Kh6 81. h5 Kg5 82. h6 1-0

[Event "ICS rated blitz match"]
[Site "204.178.125.65"]
[Date "2000.03.20"]
[Round "?"]
[White "BushidoPath"]
[Black "Hossa"]
[Result "0-1"]
[WhiteElo "2269"]
[BlackElo "2519"]
[PlyCount "90"]

1. c4 e5 2. Nc3 Nf6 3. e4 Bc5 4. g3 Nc6 5. Bg2 d6 6. h3 O-O 7. Nge2 Be6 8. d3
Re8 9. O-O Rf8 10. Kh2 Nd4 11. f4 c6 12. f5 Nxe2 13. Nxe2 Bc8 14. g4 Re8 15.
Ng3 Nd7 16. g5 f6 17. g6 Nf8 18. Qh5 Bd7 19. Rb1 Qb6 20. a3 hxg6 21. fxg6 Qb3
22. Nf5 Bxf5 23. exf5 Qxd3 24. Ra1 Qxc4 25. Re1 d5 26. Bd2 Bf2 27. Rf1 Bg3+ 28.
Kh1 a5 29. Rac1 Qd4 30. Rc3 Qxd2 31. Rxg3 Qxb2 32. Rg4 Qe2 33. Rf3 Rac8 34. Rh4
Qe1+ 35. Kh2 Nxg6 36. fxg6 Kf8 37. Qh8+ Ke7 38. Qxg7+ Kd6 39. Qxb7 Qxh4 40. g7
Rc7 41. Qb1 Rxg7 42. Qf5 Rf8 43. a4 Qxa4 44. Qh5 Qc2 45. Qh6 Qxg2# 0-1

[Event "ICS rated blitz match"]
[Site "204.178.125.65"]
[Date "2000.03.20"]
[Round "?"]
[White "HaraldLdahl"]
[Black "Hossa"]
[Result "0-1"]
[WhiteElo "2207"]
[BlackElo "2525"]
[PlyCount "52"]

1. e4 c5 2. c3 d5 3. exd5 Qxd5 4. d4 Nc6 5. Nf3 Bg4 6. Be2 e6 7. O-O Nf6 8. h3
Bh5 9. Na3 cxd4 10. Nb5 O-O-O 11. Nbxd4 e5 12. Nxc6 Qxc6 13. Qc2 Bg6 14. Qb3
Bd6 15. Bg5 Kb8 16. Rfd1 e4 17. Nd4 Qc7 18. Nb5 Bh2+ 19. Kh1 Qe5 20. Bxf6 gxf6
21. g3 Bxg3 22. fxg3 Qxg3 23. Bf1 Bh5 24. Rxd8+ Rxd8 25. Bg2 Rd2 26. Rg1 Bf3
0-1

[Event "ICS rated blitz match"]
[Site "204.178.125.65"]
[Date "2000.03.20"]
[Round "?"]
[White "Hossa"]
[Black "HaraldLdahl"]
[Result "1-0"]
[WhiteElo "2529"]
[BlackElo "2203"]
[PlyCount "30"]

1. d4 Nf6 2. c4 e6 3. Nc3 Bb4 4. Qc2 O-O 5. a3 Bxc3+ 6. Qxc3 d5 7. Bg5 c6 8.
Bxf6 Qxf6 9. Nf3 Nd7 10. O-O-O Re8 11. e3 dxc4 12. Bxc4 e5 13. Nxe5 Nxe5 14.
dxe5 Qe7 15. f4 Bg4 1-0

[Event "ICS rated blitz match"]
[Site "204.178.125.65"]
[Date "2000.03.20"]
[Round "?"]
[White "HaraldLdahl"]
[Black "Hossa"]
[Result "0-1"]
[WhiteElo "2199"]
[BlackElo "2533"]
[PlyCount "37"]

1. d4 d5 2. e3 Nf6 3. Nf3 e6 4. Bd3 c5 5. c3 Nc6 6. O-O Bd6 7. Nbd2 O-O 8. dxc5
Bxc5 9. e4 Bd7 10. Qe2 Qe7 11. e5 Ng4 12. h3 Nxf2 13. Rxf2 f6 14. exf6 Qxf6 15.
Nb3 Bxf2+ 16. Qxf2 e5 17. Bg5 Qf7 18. Nc5 e4 19. Nxd7 0-1

[Event "ICS rated blitz match"]
[Site "204.178.125.65"]
[Date "2000.03.20"]
[Round "?"]
[White "Hossa"]
[Black "BushidoPath"]
[Result "1-0"]
[WhiteElo "2537"]
[BlackElo "2232"]
[PlyCount "60"]

1. e4 c5 2. Nf3 Nc6 3. d4 cxd4 4. Nxd4 Nf6 5. Nc3 e6 6. Nxc6 bxc6 7. e5 Nd5 8.
Ne4 f5 9. exf6 Nxf6 10. Nd6+ Bxd6 11. Qxd6 Qa5+ 12. Bd2 Qd5 13. Bb4 Qxd6 14.
Bxd6 Kf7 15. Rd1 Ne8 16. Bc5 d5 17. Bd4 Nf6 18. Bd3 Bd7 19. Kd2 Rhc8 20. f4 c5
21. Bxf6 Kxf6 22. b3 g6 23. Rhe1 a5 24. Re5 a4 25. Rde1 axb3 26. axb3 Ra5 27.
g4 Rc6 28. h4 Rb6 29. h5 Rb4 30. Ke3 c4 1-0

[Event "ICS rated blitz match"]
[Site "204.178.125.65"]
[Date "2000.03.20"]
[Round "?"]
[White "Bonin"]
[Black "Hossa"]
[Result "0-1"]
[WhiteElo "2359"]
[BlackElo "2542"]
[PlyCount "90"]

1. d4 Nf6 2. c4 e6 3. Nf3 b6 4. g3 Bb7 5. Bg2 Be7 6. O-O O-O 7. Nc3 Ne4 8. Bd2
f5 9. Rc1 Bf6 10. d5 c6 11. dxe6 dxe6 12. b3 Nxd2 13. Qxd2 Qxd2 14. Nxd2 Rd8
15. Rfd1 Nd7 16. Nf3 Nc5 17. Rxd8+ Rxd8 18. Rd1 Rxd1+ 19. Nxd1 e5 20. Nd2 Ne6
21. e3 g6 22. b4 e4 23. g4 Be7 24. gxf5 gxf5 25. a3 c5 26. b5 Bf6 27. a4 Kf7
28. Bh3 Kg6 29. Nb1 Ng5 30. Bg2 Nf7 31. Kf1 Ne5 32. Nd2 h5 33. Ke1 Bg7 34. Bf1
h4 35. Nb3 Nf3+ 36. Ke2 Nxh2 37. Bg2 a5 38. Kd2 Ng4 39. Nc1 Kg5 40. Ne2 Ne5 41.
Nb2 Nf3+ 42. Bxf3 exf3 43. Nc3 Bxc3+ 44. Kxc3 h3 45. Nd3 h2 0-1

[Event "ICS rated standard match"]
[Site "204.178.125.65"]
[Date "2000.03.20"]
[Round "?"]
[White "Hossa"]
[Black "Almostmaster"]
[Result "1-0"]
[WhiteElo "2301"]
[BlackElo "2079"]
[PlyCount "59"]

1. d4 Nf6 2. c4 g6 3. Nc3 Bg7 4. e4 O-O 5. Nf3 d6 6. Be2 e5 7. dxe5 dxe5 8.
Qxd8 Rxd8 9. Bg5 c6 10. Nxe5 Re8 11. f4 h6 12. Bh4 g5 13. Bg3 gxf4 14. Bxf4
Nxe4 15. Nxe4 Bxe5 16. Bxe5 Rxe5 17. Rd1 Nd7 18. Nd6 Nf6 19. O-O Rxe2 20. Rxf6
Be6 21. b3 Rd8 22. Rxh6 Rxa2 23. Rh5 b5 24. Rc5 bxc4 25. bxc4 Rb8 26. h4 Rbb2
27. Rg5+ Kf8 28. h5 Rd2 29. Rxd2 Rxd2 30. h6 1-0

[Event "ICS rated standard match"]
[Site "204.178.125.65"]
[Date "2000.03.20"]
[Round "?"]
[White "Almostmaster"]
[Black "Hossa"]
[Result "1/2-1/2"]
[WhiteElo "2072"]
[BlackElo "2308"]
[PlyCount "228"]

1. e4 c6 2. d4 d5 3. exd5 cxd5 4. Bd3 Nc6 5. Nf3 Nf6 6. O-O e6 7. a3 Be7 8. b4
O-O 9. Nbd2 a6 10. Bb2 Bd7 11. Re1 Qc7 12. Ne5 Be8 13. Qf3 Rc8 14. Qh3 Kh8 15.
g4 Rd8 16. g5 Ne4 17. Nxe4 Nxe5 18. dxe5 dxe4 19. Bxe4 g6 20. Qg4 Ba4 21. Re2
Bb5 22. Re3 Rd2 23. Bc3 Re2 24. Rxe2 Bxe2 25. Qg3 Bxg5 26. Re1 Bb5 27. f4 Bxf4
28. Qxf4 Qxc3 29. Qg3 Qd4+ 30. Kh1 b6 31. Qg5 f5 32. exf6 Rxf6 33. Qe3 Rf1+ 34.
Kg2 Qxe3 35. Rxe3 Rf6 36. Bf3 Kg7 37. Rc3 h6 38. Rc8 Rf4 39. Rb8 Rc4 40. Rxb6
Rxc2+ 41. Kg3 Bc4 42. a4 Rc3 43. Kf2 Ra3 44. a5 Ra2+ 45. Kg3 Rb2 46. Bb7 Kf6
47. Bxa6 Bxa6 48. Rxa6 Rxb4 49. Rb6 Ra4 50. a6 Kf5 51. Rb5+ e5 52. Rb6 h5 53.
h4 Rg4+ 54. Kh3 g5 55. hxg5 Kxg5 56. a7 Rh4+ 57. Kg3 Ra4 58. Rb7 Ra3+ 59. Kf2
Kf6 60. Rh7 Kg6 61. Re7 Ra2+ 62. Kf3 Kf5 63. Rh7 Ra3+ 64. Ke2 Kg4 65. Rg7+ Kf4
66. Rf7+ Kg5 67. Kf2 h4 68. Kg2 Kg6 69. Re7 Kf5 70. Rh7 Kg4 71. Rg7+ Kf4 72.
Rf7+ Kg5 73. Re7 h3+ 74. Kh2 Kf4 75. Rf7+ Kg4 76. Rg7+ Kh4 77. Re7 Ra2+ 78. Kg1
Kg3 79. Rg7+ Kf3 80. Rf7+ Kg4 81. Rg7+ Kf4 82. Rf7+ Ke3 83. Rh7 Ra1+ 84. Kh2 e4
85. Rxh3+ Kf2 86. Rh7 e3 87. Rf7+ Ke1 88. Kg2 e2 89. Kf3 Ra3+ 90. Kg2 Ra5 91.
Rg7 Ra4 92. Kg1 Ra2 93. Kg2 Ra1 94. Rd7 Ra4 95. Rg7 Kd2 96. Rd7+ Ke3 97. Re7+
Kd3 98. Rd7+ Kc4 99. Kf2 Ra2 100. Ke1 Kb4 101. Re7 Kc5 102. a8=Q Rxa8 103. Rxe2
Kd5 104. Rd2+ Ke5 105. Rc2 Kf5 106. Kf2 Kg5 107. Kf3 Kh5 108. Ke4 Kh6 109. Ke5
Kh7 110. Rg2 Kh8 111. Ke4 Kh7 112. Ke5 Kh8 113. Ke4 Kh7 114. Ke5 Kh8 1/2-1/2

[Event "ICS rated blitz match"]
[Site "204.178.125.65"]
[Date "2000.03.20"]
[Round "?"]
[White "Hossa"]
[Black "Falke"]
[Result "0-1"]
[WhiteElo "2564"]
[BlackElo "2582"]
[PlyCount "172"]

1. c4 e5 2. Nc3 Nf6 3. Nf3 Nc6 4. e3 Bb4 5. Qc2 Bxc3 6. Qxc3 Qe7 7. a3 d5 8. d4
e4 9. Ne5 Nxe5 10. dxe5 Ng4 11. cxd5 O-O 12. Qc2 Qxe5 13. Bd2 Qxd5 14. Bb4 Rd8
15. Qxc7 Ne5 16. Bc3 f6 17. Bd4 Bg4 18. Qc3 Rac8 19. Qd2 Bf3 20. b4 Nd3+ 21.
Bxd3 Bxg2 22. Bb1 Bxh1 23. Ba2 Rc4 24. Bxc4 Qxc4 25. Qc1 Qa6 26. Qc7 Ra8 27. a4
b6 28. Qc6 Qc8 29. Qd5+ Kh8 30. a5 bxa5 31. bxa5 Rb8 32. a6 Qg4 33. Kd2 Qg2 34.
Qf5 Qxh2 35. Rc1 Rf8 36. Rc8 Qd6 37. Qd7 Qb4+ 38. Kc2 h6 39. Bxf6 Rxc8+ 40.
Qxc8+ Kh7 41. Qf5+ Kg8 42. Qe6+ Kh7 43. Qf7 Qa4+ 44. Kd2 Qb4+ 45. Bc3 Qd6+ 46.
Ke1 Qg6 47. Qxg6+ Kxg6 48. Bd4 Bf3 49. Bxa7 Bg4 50. Bd4 Bd7 51. Kd2 Bc6 52. Kc3
Kf7 53. Kb4 h5 54. Kc5 Ba8 55. Kd6 h4 56. a7 h3 57. Be5 Kg6 58. Kc7 Kf5 59. Bh2
Kg4 60. Kb8 Bd5 61. Bg3 Kf3 62. Kc7 Kg2 63. Kb6 h2 64. Bxh2 Kxh2 65. Kc7 Kg2
66. Kd6 Ba8 67. Kc7 Kxf2 68. Kb8 Bd5 69. Kc7 g6 70. Kd6 Bb7 71. Kc7 Bd5 72. Kd6
Ba8 73. Kc7 g5 74. Kb8 Bd5 75. Kc7 Kxe3 76. Kc8 Kd3 77. Kc7 e3 78. Kd7 e2 79.
Kd6 Ba8 80. Kc7 e1=Q 81. Kd7 g4 82. Kd6 Qe8 83. Kc5 Qc6+ 84. Kb4 Qb6+ 85. Ka3
Kc3 86. Ka4 Qb4# 0-1

[Event "ICS rated blitz match"]
[Site "204.178.125.65"]
[Date "2000.03.20"]
[Round "?"]
[White "Grab"]
[Black "Hossa"]
[Result "1-0"]
[WhiteElo "2807"]
[BlackElo "2549"]
[PlyCount "91"]

1. e4 c5 2. Nf3 e6 3. d4 cxd4 4. Nxd4 Nf6 5. Nc3 d6 6. f4 a6 7. Be2 Nc6 8. a4
Be7 9. O-O Qb6 10. Be3 Qxb2 11. Qd3 Qb6 12. Nxe6 Qa5 13. Nxg7+ Kf8 14. Nd5 Nxd5
15. exd5 Kxg7 16. dxc6 bxc6 17. Bd4+ f6 18. Qg3+ Kf7 19. Qf3 Bd7 20. Bc4+ d5
21. Qh5+ Kg7 22. Rfe1 Qd8 23. Bd3 Be8 24. Qg5+ Kf7 25. Qf5 Kg7 26. Rab1 Bd7 27.
Qg5+ Kf7 28. Qh5+ Kg8 29. Re3 c5 30. Qxd5+ Kg7 31. Qg5+ Kf8 32. Qh6+ Ke8 33.
Bxc5 Rf8 34. Qxh7 Be6 35. Rxe6 Rf7 36. Bg6 Kd7 37. Qxf7 f5 38. Bxf5 Rb8 39.
Rxb8 Kc7 40. Rxd8 Kxd8 41. Rd6+ Kc7 42. Bb6+ Kb8 43. Rd8+ Kb7 44. Qd5+ Kxb6 45.
Rb8+ Ka7 46. Qa8# 1-0

[Event "ICS rated blitz match"]
[Site "204.178.125.65"]
[Date "2000.03.20"]
[Round "?"]
[White "Hossa"]
[Black "Grab"]
[Result "0-1"]
[WhiteElo "2544"]
[BlackElo "2816"]
[PlyCount "136"]

1. e4 c5 2. Nf3 d6 3. d4 cxd4 4. Nxd4 Nf6 5. Nc3 Nc6 6. Be3 e5 7. Nb3 Be7 8.
Be2 Be6 9. Bf3 Bc4 10. Nd2 Ba6 11. Be2 Bxe2 12. Nxe2 d5 13. exd5 Nxd5 14. O-O
Nxe3 15. fxe3 Bc5 16. Rf3 O-O 17. Ne4 Qb6 18. Qc1 Rad8 19. N2c3 Be7 20. Ng3 a5
21. Nf5 h5 22. a3 g6 23. Ng3 h4 24. Nge2 Rd7 25. Kh1 Qd8 26. Qe1 Qc7 27. Rd1
Rxd1 28. Qxd1 Qb6 29. b3 Bxa3 30. Nd5 Qd8 31. Nf6+ Kg7 32. Nd5 Qg5 33. c4 Bb4
34. Nxb4 axb4 35. Qd7 Qe7 36. Qd1 Rd8 37. Qe1 Rd3 38. Nc1 Rc3 39. Kg1 Qg5 40.
Qf1 f5 41. Nd3 e4 42. Nf4 Nd8 43. Rh3 Rxb3 44. Qa1+ Kg8 45. Nd5 Ra3 46. Qb2 Nc6
47. Nf6+ Kf7 48. Nd5 Qd8 49. g3 g5 50. gxh4 gxh4 51. Kf1 Ra4 52. Ke1 b6 53. Kf2
b5 54. Qc2 Qa5 55. Qb3 Ra2+ 56. Kf1 Ra3 57. Qc2 Ra1+ 58. Kg2 b3 59. Qf2 Ra2 60.
Rxh4 Rxf2+ 61. Kxf2 b2 62. Rh7+ Kg6 63. Rc7 Qd2+ 64. Kg3 Qe1+ 65. Kh3 Qf1+ 66.
Kh4 Qf2+ 67. Kh3 Qf3+ 68. Kh4 Qg4# 0-1

[Event "ICS rated blitz match"]
[Site "204.178.125.65"]
[Date "2000.03.20"]
[Round "?"]
[White "ravengar"]
[Black "Hossa"]
[Result "0-1"]
[WhiteElo "2337"]
[BlackElo "2539"]
[PlyCount "68"]

1. e4 c5 2. Nf3 e6 3. d4 cxd4 4. Nxd4 Nf6 5. Nc3 d6 6. g4 Nc6 7. g5 Nd7 8. Bg2
Be7 9. h4 Nxd4 10. Qxd4 O-O 11. Be3 Ne5 12. O-O-O Ng4 13. f4 Kh8 14. Bd2 e5 15.
Qg1 exf4 16. Bxf4 f6 17. g6 hxg6 18. Bh3 Ne5 19. Bxe5 Bxh3 20. Bf4 Be6 21. Qxg6
Bf7 22. Qg4 Rc8 23. Rd3 Rc4 24. Rg1 Rg8 25. Rd5 Qe8 26. Qe2 Rc6 27. Rgd1 Bxd5
28. exd5 Rc7 29. Re1 Qf7 30. Qe6 Qxe6 31. dxe6 Rc5 32. Kd2 Rf8 33. b4 Rc4 34.
Nd5 Rd4+ 0-1

[Event "ICS rated standard match"]
[Site "204.178.125.65"]
[Date "2000.03.20"]
[Round "?"]
[White "Hossa"]
[Black "wiss7"]
[Result "1-0"]
[WhiteElo "2299"]
[BlackElo "2152"]
[PlyCount "79"]

1. c4 c6 2. Nc3 d5 3. d4 e6 4. e4 dxc4 5. Bxc4 Bb4 6. a3 Bxc3+ 7. bxc3 Nf6 8.
Bd3 Nbd7 9. Nf3 c5 10. O-O O-O 11. Bg5 Qa5 12. Qc2 g6 13. Rfd1 cxd4 14. cxd4
Kg7 15. Qc1 Ng8 16. Rb1 a6 17. Rb4 b5 18. d5 e5 19. Qc3 f6 20. Be3 Bb7 21. Rc4
Qxc3 22. Rxc3 Rfc8 23. Rxc8 Rxc8 24. Bb1 Ne7 25. h4 a5 26. Bd2 a4 27. Bb4 Ng8
28. Bd3 Ba6 29. Be2 Kf7 30. h5 Ne7 31. Nh4 g5 32. Bg4 gxh4 33. Bxd7 Rc2 34. d6
Ng8 35. Be8+ Kxe8 36. d7+ Kf7 37. d8=Q Rc8 38. Rd7+ Ke6 39. Qe7+ Nxe7 40. Rxe7#
1-0

[Event "ICS rated blitz match"]
[Site "204.178.125.65"]
[Date "2000.03.20"]
[Round "?"]
[White "brutus"]
[Black "Hossa"]
[Result "1-0"]
[WhiteElo "2051"]
[BlackElo "2554"]
[PlyCount "145"]

1. e4 c5 2. Nf3 Nc6 3. d4 cxd4 4. Nxd4 Nf6 5. Nc3 d6 6. Be3 e6 7. f3 Be7 8. Qd2
O-O 9. O-O-O d5 10. exd5 exd5 11. Bd3 Bd7 12. Kb1 Bb4 13. a3 Ba5 14. Nb3 Bxc3
15. Qxc3 Re8 16. Bg5 Ne5 17. Rhe1 Ne4 18. Bxe4 Qxg5 19. Bxd5 Rac8 20. Qd2 Qxd2
21. Rxd2 Bc6 22. Bxc6 Nxc6 23. Rde2 Rxe2 24. Rxe2 h5 25. c3 Rd8 26. Kc2 Rd5 27.
Rd2 Re5 28. Nd4 Ne7 29. Re2 Rxe2+ 30. Nxe2 Nd5 31. Kd3 Nb6 32. c4 Nd7 33. b4
Ne5+ 34. Kd4 Ng6 35. Kd5 Kf8 36. Kd6 Nh4 37. Kc7 b6 38. Kb7 Nxg2 39. Kxa7 Ne3
40. c5 bxc5 41. bxc5 Ke7 42. Kb7 Nc4 43. a4 g5 44. Nd4 Kf6 45. Nb3 g4 46. fxg4
hxg4 47. a5 Na3 48. a6 Nb5 49. Kb6 Nc3 50. a7 Nd5+ 51. Kc6 Ke6 52. a8=Q Ne7+
53. Kb5 f5 54. Qe8 Kf6 55. Qxe7+ Kxe7 56. c6 f4 57. Kb6 g3 58. hxg3 fxg3 59.
Nd4 Ke8 60. Ne2 g2 61. Kb7 Kf7 62. c7 Kg6 63. c8=Q Kf7 64. Qg4 Ke7 65. Qxg2 Kf6
66. Qd5 Kg6 67. Kc6 Kg7 68. Kd7 Kh7 69. Ke7 Kg6 70. Qf3 Kh6 71. Qg4 Kh7 72. Kf7
Kh8 73. Qg7# 1-0

[Event "ICS rated standard match"]
[Site "204.178.125.65"]
[Date "2000.03.20"]
[Round "?"]
[White "Beadle"]
[Black "Hossa"]
[Result "1-0"]
[WhiteElo "2494"]
[BlackElo "2300"]
[PlyCount "127"]

1. e4 e5 2. Nf3 Nc6 3. Bb5 a6 4. Ba4 Nf6 5. O-O Be7 6. Bxc6 dxc6 7. Nc3 Bg4 8.
h3 Bxf3 9. Qxf3 O-O 10. d3 Re8 11. Be3 Bb4 12. Ne2 Be7 13. Qg3 Bd6 14. c3 b6
15. Kh1 Re6 16. a4 Be7 17. Rad1 Nd7 18. f4 Bh4 19. Qh2 c5 20. Ng1 Rg6 21. g4
exf4 22. Bxf4 Ra7 23. Nf3 Be7 24. d4 cxd4 25. Nxd4 Qa8 26. Nf5 Qe8 27. Bxc7 Bc5
28. Rfe1 Re6 29. Qf4 Ra8 30. b4 Bf8 31. Nd4 Rf6 32. Qh2 a5 33. b5 Nc5 34. Qc2
Ra7 35. Bg3 Rd7 36. Kh2 Rg6 37. e5 h5 38. gxh5 Rh6 39. Re3 Rxh5 40. Rf1 Ne6 41.
Qe2 Rh6 42. Nf5 Rg6 43. Nd6 Qa8 44. Qc2 Rh6 45. Qf5 Bxd6 46. exd6 Rf6 47. Qb1
Rh6 48. Qd1 Qb7 49. Rf2 Qc8 50. Qd5 Nc5 51. Be5 Re6 52. Rg3 g6 53. Rf5 Kf8 54.
Qd4 Qd8 55. Bf6 Qe8 56. Qh4 Re2+ 57. Kg1 Rg2+ 58. Rxg2 Qe1+ 59. Qxe1 Ne6 60.
Qh4 Ke8 61. Qh8+ Nf8 62. Re2+ Re7 63. Rxe7+ Kd8 64. Qxf8# 1-0

[Event "ICS rated standard match"]
[Site "204.178.125.65"]
[Date "2000.03.20"]
[Round "?"]
[White "Hossa"]
[Black "Beadle"]
[Result "0-1"]
[WhiteElo "2292"]
[BlackElo "2502"]
[PlyCount "152"]

1. d4 Nf6 2. c4 e6 3. Nf3 d5 4. Bg5 Be7 5. Nc3 h6 6. Bxf6 Bxf6 7. e4 dxe4 8.
Nxe4 Nc6 9. Nxf6+ Qxf6 10. Qd3 Bd7 11. Be2 O-O-O 12. O-O-O Kb8 13. Qe3 Ne7 14.
Ne5 Ba4 15. b3 Bc6 16. Rhg1 Nf5 17. Qc3 Be4 18. f3 Bc6 19. Kb1 Ka8 20. g4 Ne7
21. Qb4 Rxd4 22. Rxd4 Qxe5 23. Rgd1 Nc8 24. Qe1 Qxh2 25. R1d2 Qe5 26. Rd8 Rxd8
27. Rxd8 Kb8 28. Qd2 Qf6 29. Qd3 g6 30. Bd1 h5 31. gxh5 gxh5 32. b4 a6 33. a4
b6 34. b5 axb5 35. axb5 Bb7 36. Rd7 Qf4 37. Rd4 Qe5 38. Rd8 h4 39. Rf8 Qg7 40.
Rd8 h3 41. Qe2 Qh7+ 42. Qc2 Qh4 43. Rd2 Nd6 44. Rh2 Nxc4 45. Qc1 Qe1 46. Qxc4
Qxd1+ 47. Kb2 Qxf3 48. Qh4 Qf5 49. Qh8+ Ka7 50. Rxh3 Bf3 51. Kc3 Qxb5 52. Qd4
Qf1 53. Rh2 Qe1+ 54. Rd2 Be4 55. Qa4+ Kb7 56. Qd7 Qc1+ 57. Kb3 f5 58. Kb4 Bc2
59. Rxc2 Qxc2 60. Qxe6 Qe4+ 61. Qc4 Qxc4+ 62. Kxc4 Kc6 63. Kd3 Kd5 64. Ke2 Ke4
65. Kd2 f4 66. Kc3 f3 67. Kd2 b5 68. Kc2 f2 69. Kb3 f1=Q 70. Kb4 Qc4+ 71. Ka3
Qc3+ 72. Ka2 Qd2+ 73. Ka3 Kd5 74. Kb3 b4 75. Ka4 Kc4 76. Ka5 Qa2# 0-1

[Event "ICS rated standard match"]
[Site "204.178.125.65"]
[Date "2000.03.20"]
[Round "?"]
[White "PostModernist"]
[Black "Hossa"]
[Result "1-0"]
[WhiteElo "2365"]
[BlackElo "2285"]
[PlyCount "123"]

1. d4 d5 2. Nf3 Nf6 3. e3 e6 4. Bd3 c5 5. b3 cxd4 6. exd4 Nc6 7. Bb2 Be7 8. O-O
O-O 9. Nbd2 Nb4 10. Be2 Bd7 11. a3 Nc6 12. Ne5 Qc7 13. Bd3 Bd6 14. Re1 Rfd8 15.
Ndf3 Be8 16. Qc1 a5 17. Qf4 a4 18. b4 Rdc8 19. Qh4 Be7 20. Qh3 Bd8 21. Nd2 Qd6
22. c4 Bc7 23. c5 Qd8 24. b5 Ne7 25. b6 Bb8 26. Ndf3 h6 27. Qg3 Nc6 28. Bc1
Nxe5 29. Nxe5 Nh5 30. Qh3 f5 31. g4 Bxe5 32. Rxe5 fxg4 33. Qxg4 Qf6 34. Rxe6
Bd7 35. Rxf6 Bxg4 36. Rg6 Bf3 37. Bxh6 Re8 38. Be3 Nf6 39. Rc1 Rac8 40. Rg3 Be4
41. Bb5 Rf8 42. c6 bxc6 43. Rxc6 Ra8 44. Rc7 Nh5 45. Rg5 g6 46. b7 Rab8 47. Re5
Kh8 48. Bxa4 Rg8 49. Re8 Rgxe8 50. Bxe8 Bf5 51. Bf7 Bg4 52. Bxg6 Nf6 53. Bg5
Nd7 54. Rc8+ Kg7 55. Rxb8 Kxg6 56. Rg8+ Kf5 57. h4 Be2 58. Rd8 Ba6 59. Rxd7
Bxb7 60. Rxb7 Ke4 61. Be3 Kd3 62. h5 1-0

[Event "ICS rated blitz match"]
[Site "204.178.125.65"]
[Date "2000.03.20"]
[Round "?"]
[White "Hossa"]
[Black "PostModernist"]
[Result "0-1"]
[WhiteElo "2529"]
[BlackElo "2579"]
[PlyCount "100"]

1. e4 c5 2. Nf3 d6 3. d4 Nf6 4. Nc3 cxd4 5. Nxd4 Nc6 6. Bg5 a6 7. Bc4 Qa5 8.
Bxf6 gxf6 9. Nb3 Qg5 10. g3 Bg7 11. Nd5 O-O 12. Nb6 Rb8 13. Nxc8 Rfxc8 14. f4
Qg6 15. Bd3 a5 16. c3 Rc7 17. g4 a4 18. Nd2 Qh6 19. O-O Qh3 20. Nc4 b5 21. Na3
b4 22. Nb5 Rcb7 23. Qe2 bxc3 24. bxc3 Nd8 25. Rad1 Ne6 26. Bc4 Bh6 27. Rd3 Qh4
28. Bxe6 Rxb5 29. Bd7 Rb1 30. Qf3 R8b2 31. h3 Rxf1+ 32. Qxf1 Rxa2 33. Re3 a3
34. c4 e5 35. Rb3 Bxf4 36. Rf3 Rc2 37. Rxa3 Rc1 38. Ra8+ Kg7 39. Ra3 Rxf1+ 40.
Kxf1 Bd2 41. Kg2 Qe1 42. Bf5 Qe2+ 43. Kg1 Be1 44. h4 Bf2+ 45. Kg2 Be3+ 46. Kh1
Qf1+ 47. Kh2 Bf4+ 48. Rg3 Qf2+ 49. Kh1 Qxg3 50. Bd7 Qh2# 0-1

[Event "ICS rated blitz match"]
[Site "204.178.125.65"]
[Date "2000.03.20"]
[Round "?"]
[White "PostModernist"]
[Black "Hossa"]
[Result "1-0"]
[WhiteElo "2593"]
[BlackElo "2515"]
[PlyCount "88"]

1. e4 c5 2. Nc3 Nc6 3. g3 g6 4. d3 Nf6 5. Bg2 Bg7 6. Bg5 d6 7. Nge2 O-O 8. O-O
Bd7 9. Qd2 Nd4 10. Nxd4 cxd4 11. Ne2 e5 12. c3 dxc3 13. bxc3 Ba4 14. Rfe1 Qd7
15. Bh6 Bxh6 16. Qxh6 Qc7 17. f3 Kh8 18. Rac1 Ng8 19. Qe3 f5 20. exf5 Rxf5 21.
d4 Bb5 22. Bh3 Rf6 23. Rb1 Bc4 24. dxe5 dxe5 25. Nc1 Qc6 26. Bg2 Bd5 27. Rf1
Re8 28. Qxa7 Qxc3 29. Nb3 b6 30. Qd7 Bc6 31. Qd2 Qc4 32. Rbe1 Ref8 33. Qe3 Qa4
34. Rf2 e4 35. f4 Re8 36. Rfe2 Bd5 37. Nd2 Qxa2 38. Qd4 Qa8 39. g4 Rd8 40. g5
Bc6 41. Qb2 Rdf8 42. gxf6 Rxf6 43. Bxe4 Qf8 44. Bxc6 Qc5+ 1-0

[Event "ICS rated blitz match"]
[Site "204.178.125.65"]
[Date "2000.03.20"]
[Round "?"]
[White "Hossa"]
[Black "TwinJet"]
[Result "0-1"]
[WhiteElo "2503"]
[BlackElo "2601"]
[PlyCount "84"]

1. e4 c5 2. Nf3 e6 3. d4 cxd4 4. Nxd4 Nf6 5. Nc3 d6 6. Be2 a6 7. O-O Be7 8. a4
O-O 9. f4 Qc7 10. Be3 Nc6 11. Qd3 Bd7 12. Rfd1 Nb4 13. Qd2 e5 14. Nb3 Bg4 15.
Bxg4 Nxg4 16. Rac1 Bf6 17. g3 Nxe3 18. Qxe3 exf4 19. gxf4 Bxc3 20. bxc3 Na2 21.
Ra1 Nxc3 22. Rd3 Rac8 23. a5 Rfe8 24. Nd2 f5 25. Rd4 Qc5 26. Nb3 Qb5 27. Rxd6
Rxe4 28. Qd3 Qxd3 29. cxd3 Rb4 30. Nc1 Rxf4 31. Rd7 Rb4 32. d4 Re8 33. h3 Re3
34. h4 Rb2 35. Kf1 Ne4 36. Rd8+ Kf7 37. Nb3 Ng3+ 38. Kg1 Ree2 39. Nd2 Rbxd2 40.
Rd7+ Ke8 41. Rd8+ Kxd8 42. Rc1 Rg2# 0-1

[Event "ICS rated blitz match"]
[Site "204.178.125.65"]
[Date "2000.03.20"]
[Round "?"]
[White "Beadle"]
[Black "Hossa"]
[Result "1-0"]
[WhiteElo "2477"]
[BlackElo "2491"]
[PlyCount "157"]

1. c4 e5 2. Nc3 Nf6 3. g3 Bb4 4. Bg2 O-O 5. Qb3 Na6 6. d3 Ba5 7. Bd2 Nc5 8. Qa3
Bxc3 9. Bxc3 d6 10. b4 Ncd7 11. Nh3 c6 12. O-O Re8 13. f4 exf4 14. Nxf4 g5 15.
Nh3 Rxe2 16. Qc1 h6 17. Nxg5 Qb6+ 18. Kh1 Qe3 19. Qxe3 Rxe3 20. Nh3 Ng4 21. Nf4
Nde5 22. Bd4 Bf5 23. c5 dxc5 24. Bxc5 Bxd3 25. Rfe1 Rxe1+ 26. Rxe1 a5 27. h3
Bc4 28. hxg4 Nxg4 29. bxa5 Rxa5 30. Re8+ Kg7 31. Bd4+ f6 32. Re7+ Kg8 33. Rxb7
c5 34. Rc7 Rxa2 35. Rc8+ Kh7 36. Be4+ Kg7 37. Rc7+ Kh8 38. Rxc5 Bf7 39. Bf5 Rd2
40. Bc3 Rd1+ 41. Kg2 Ne3+ 42. Kf3 Nxf5 43. Rxf5 Kg8 44. Rxf6 Rf1+ 45. Ke4 Rh1
46. Rc6 Kf8 47. Bd4 Ke8 48. Rc7 Re1+ 49. Kf5 Rf1 50. Kf6 Bb3 51. Kg6 Rf3 52.
Rc3 Bf7+ 53. Kxh6 Rf1 54. Kg7 Ba2 55. Be5 Rh1 56. Rc8+ Kd7 57. Rc7+ Kd8 58. Rc2
Bb1 59. Rc4 Rh7+ 60. Kf6 Rh6+ 61. Kg5 Rh2 62. g4 Rh1 63. Rc7 Ba2 64. Ra7 Bc4
65. Kf5 Rf1 66. g5 Bd3+ 67. Kf6 Bc4 68. g6 Ke8 69. g7 Kd8 70. Ra4 Bd5 71. Rd4
Rg1 72. Rxd5+ Kc8 73. Ng6 Kb7 74. g8=Q Rf1+ 75. Nf4 Rc1 76. Rb5+ Ka6 77. Qd5
Rc7 78. Ra5+ Kb6 79. Qb5# 1-0

[Event "ICS rated blitz match"]
[Site "204.178.125.65"]
[Date "2000.03.20"]
[Round "?"]
[White "Hossa"]
[Black "TwinJet"]
[Result "0-1"]
[WhiteElo "2474"]
[BlackElo "2657"]
[PlyCount "124"]

1. d4 d5 2. c4 c6 3. Nf3 Nf6 4. Nc3 dxc4 5. a4 Bf5 6. e3 e6 7. Bxc4 Bb4 8. O-O
Nbd7 9. Nh4 Bg6 10. Qb3 a5 11. Na2 Be7 12. g3 Qc7 13. Nc3 Bb4 14. Nxg6 hxg6 15.
f3 Nb6 16. Bd3 e5 17. Na2 Bd6 18. Rf2 exd4 19. exd4 Nfd5 20. Re2+ Kf8 21. f4 c5
22. Bc4 Nxc4 23. Qxc4 Nb6 24. Qd3 cxd4 25. b3 Bc5 26. Bb2 Rd8 27. Rc1 Nd5 28.
Bxd4 Nc3 29. Rxc3 Rxd4 30. Qb5 Rd5+ 31. Kg2 Qc8 32. h4 b6 33. Rce3 Rd8 34. Rd3
Rxd3 35. Qxd3 Rxh4 36. gxh4 Qg4+ 37. Kh2 Qg1+ 38. Kh3 Qf1+ 39. Kg3 Bf2+ 40. Kf3
Qh3+ 41. Kxf2 Qxd3 42. Nc1 Qd4+ 43. Ke1 Qxf4 44. Nd3 Qxh4+ 45. Kd2 g5 46. Kc3
g4 47. Ne5 g3 48. Nd7+ Kg8 49. Re8+ Kh7 50. Nf8+ Kh6 51. Ne6 Qb4+ 52. Kc2 Qe4+
53. Kb2 g2 54. Rh8+ Kg6 55. Nf8+ Kf5 56. Rh5+ Kg4 57. Rh7 Qd4+ 58. Kc2 g1=Q 59.
Rxg7+ Qxg7 60. Ne6 Qf2+ 61. Kd3 fxe6 62. Ke4 Qgd4# 0-1